| 000 | 00770nam a22002175i 4500 | ||
|---|---|---|---|
| 001 | 176770 | ||
| 003 | ES-MaACL | ||
| 005 | 20230906220158.0 | ||
| 008 | 110208s2003 sp |||| | spa d | ||
| 020 | _a84-95011-56-5 | ||
| 080 | _a378.4(460.27 Alcalá)"16" | ||
| 100 | 1 |
_aGil García, Ángel. _9145102 |
|
| 245 | 1 | 3 |
_aLa Universidad de Alcalá de Henares en el siglo XVII, según los datos de sus visitas y reformas / _cÁngel Gil García. |
| 260 |
_aAlcalá de Henares : _bFundación Colegio del Rey, _cD. L. 2003. |
||
| 300 |
_aXX, 725 p. ; _c21 cm. |
||
| 490 | 1 |
_aAlcalá ensayo ; _v20 |
|
| 610 | 2 | 4 |
_aUniversidad de Alcalá de Henares- _yS.XVII. _9145103 |
| 830 | 0 |
_aAlcalá ensayo ; _v20 _9185763 |
|
| 852 |
_aES-MaACL _jE-14245 |
||
| 999 |
_c176770 _d176770 |
||